00472 a2200169 450000100060000002000180000604000240002410000260004824000290007424500240010330000070012736200090013465000310014394200070017495201040018199900170028548086 a9788546902705 cAnchieta - Aquarius aRubio, Cristina Sitja10aEstranhas criaturaslpor10aEstranhas criaturas a410 a2019 4aLiteratura infanto-juvenil cBK 00104070a87.1b87.1d2023-11-21l0o028.5 RUB ESTp7217/AQUr2023-11-21 15:15:00w2023-11-21yBK c48086d48086